[Event "C.P.A. Zevio 2013"]
[Site "Zevio (VR)"]
[Date "2013.01.20"]
[Round "5"]
[White "Macalello, Angelo"]
[Black "Bortolazzi, Michele"]
[Result "0-1"]
[WhiteElo "1707"]
[BlackElo "1896"]
[PlyCount "42"]
[EventDate "2014.03.18"]
[SourceDate "2014.03.18"]

1. e4 e5 2. Nf3 Nc6 3. Bc4 Nf6 4. Ng5 d5 5. exd5 Na5 6. Bb5+ c6 7. dxc6 bxc6 8.
Be2 h6 9. Nf3 e4 10. Ne5 Qd4 11. Ng4 Bxg4 12. Bxg4 Bc5 13. O-O e3 14. Bf3 exf2+
15. Kh1 O-O 16. c3 Qd3 17. b4 Rfe8 18. bxc5 Qxf1+ 19. Qxf1 Re1 20. g3 Rxf1+ 21.
Kg2 Rxc1 0-1

[Event "C.P.A. Zevio 2013"]
[Site "Zevio (VR)"]
[Date "2013.01.20"]
[Round "5"]
[White "Marcori, Mirko"]
[Black "Bonini, Roberto"]
[Result "1-0"]
[WhiteElo "1781"]
[BlackElo "1888"]
[PlyCount "57"]
[EventDate "2014.03.18"]
[SourceDate "2014.03.18"]

1. d4 Nf6 2. Nf3 d5 3. g3 g6 4. Bg2 Bg7 5. Bf4 O-O 6. O-O Nbd7 7. Nbd2 Re8 8.
c4 e6 9. cxd5 exd5 10. Rc1 c6 11. Ne5 Nh5 12. Nxd7 Nxf4 13. gxf4 Qxd7 14. e3
Qd6 15. Qf3 Bf5 16. Qg3 Qb4 17. Nb3 Bf8 18. h4 h5 19. Bf3 Kh7 20. Kh2 Be7 21.
Bd1 a5 22. Rg1 Rg8 23. a4 Qb6 24. Rc3 Qd8 25. Bf3 Bxh4 26. Qg2 Qc7 27. Bxd5 g5
28. Be4 Qd7 29. Qh3 1-0

[Event "C.P.A. Zevio 2013"]
[Site "Zevio (VR)"]
[Date "2013.01.20"]
[Round "5"]
[White "Brunelli, Flavio"]
[Black "La Piana, Antonio"]
[Result "1/2-1/2"]
[WhiteElo "1757"]
[BlackElo "1830"]
[PlyCount "174"]
[EventDate "2014.03.18"]
[SourceDate "2014.03.18"]

1. e4 e5 2. f4 exf4 3. Bc4 Qh4+ 4. Kf1 d6 5. Qf3 Nf6 6. d4 Nc6 7. Ne2 g5 8. g3
Qh3+ 9. Ke1 Bg4 10. Qf1 Qxf1+ 11. Rxf1 Bxe2 12. Kxe2 f3+ 13. Kxf3 Nxd4+ 14. Kg2
Nxe4 15. Bxf7+ Ke7 16. Bd5 Nf6 17. Bxg5 Bg7 18. Na3 Rhf8 19. c3 c6 20. Be4 Ne6
21. Bxf6+ Rxf6 22. Rxf6 Bxf6 23. Bxh7 Nc5 24. Re1+ Kf7 25. Nc4 Be7 26. Bf5 d5
27. Ne5+ Kf6 28. g4 Bd6 29. Nd7+ Nxd7 30. Bxd7 Be5 31. g5+ Ke7 32. Rxe5+ Kxd7
33. Kg3 Kd6 34. Re2 c5 35. h4 d4 36. cxd4 cxd4 37. h5 Kd5 38. g6 d3 39. Re7 Rd8
40. Re1 d2 41. Rd1 Ke6 42. Kf3 Rd3+ 43. Ke4 Rh3 44. Rxd2 Rh4+ 45. Kf3 Rxh5 46.
Rg2 Rh8 47. g7 Rg8 48. Ke4 Kf7 49. Ke5 Re8+ 50. Kd6 Kg8 51. Kc7 Re7+ 52. Kd6
Rf7 53. Re2 Rf6+ 54. Re6 Rf2 55. Re8+ Kxg7 56. Re7+ Kf8 57. Rxb7 Rc2 58. a4 a5
59. Kd5 Ke8 60. Kd4 Kd8 61. Kd3 Rh2 62. Rb5 Kc7 63. Kc3 Rh3+ 64. Kc2 Rh2+ 65.
Kb3 Rh3+ 66. Ka2 Rh4 67. Ka3 Rh3+ 68. b3 Rg3 69. Rxa5 Kb6 70. Rb5+ Ka6 71. Rc5
Kb6 72. Rc4 Ka5 73. Rf4 Rh3 74. Rf5+ Ka6 75. a5 Rg3 76. Ka4 Rg1 77. Rf6+ Kb7
78. b4 Ra1+ 79. Kb5 Rh1 80. Rf7+ Ka8 81. a6 Rb1 82. Ka5 Kb8 83. a7+ Ka8 84. b5
Rxb5+ 85. Ka6 Ra5+ 86. Kb6 Ra6+ 87. Kb5 Rxa7 1/2-1/2

[Event "C.P.A. Zevio 2013"]
[Site "Zevio (VR)"]
[Date "2013.01.20"]
[Round "5"]
[White "Jimchi, Abdelaziz"]
[Black "Morandini, Alessandro"]
[Result "1-0"]
[WhiteElo "1811"]
[BlackElo "1308"]
[PlyCount "65"]
[EventDate "2014.03.18"]
[SourceDate "2014.03.18"]

1. d4 Nf6 2. Nf3 g6 3. Nc3 Bg7 4. Bf4 d6 5. h3 Nbd7 6. e3 a6 7. Bc4 b5 8. Be2
c5 9. O-O O-O 10. a3 Bb7 11. Nh2 Nd5 12. Nxd5 Bxd5 13. c3 c4 14. Bf3 Bxf3 15.
Qxf3 Qc8 16. Rfd1 Nf6 17. e4 Nh5 18. Bg5 f6 19. Be3 f5 20. exf5 Qxf5 21. Qxf5
gxf5 22. Bg5 Rae8 23. Nf3 e5 24. dxe5 dxe5 25. Rd6 e4 26. Nd4 f4 27. Re1 f3 28.
gxf3 exf3 29. Rxe8 Rxe8 30. Nxf3 Re2 31. Nd2 Be5 32. Rd7 Nf4 33. Kf1 1-0

[Event "C.P.A. Zevio 2013"]
[Site "Zevio (VR)"]
[Date "2013.01.20"]
[Round "5"]
[White "Antolini, Aldo"]
[Black "De Togni, Paolo"]
[Result "0-1"]
[WhiteElo "1760"]
[BlackElo "1483"]
[PlyCount "110"]
[EventDate "2014.03.18"]
[SourceDate "2014.03.18"]

1. g4 e5 2. Bg2 Bc5 3. h3 Ne7 4. Nf3 Ng6 5. d3 Nc6 6. Nc3 Nh4 7. Nxh4 Qxh4 8.
Ne4 Be7 9. Be3 d5 10. Ng3 d4 11. Bd2 Bd7 12. c3 Rb8 13. Qb3 O-O 14. O-O-O Be6
15. c4 Bg5 16. Qc2 Bxd2+ 17. Qxd2 Qe7 18. f4 exf4 19. Qxf4 a5 20. Be4 b5 21.
Bxc6 bxc4 22. dxc4 Rxb2 23. Qxd4 Rb6 24. Bb5 Qa3+ 25. Kc2 Qxg3 26. Qd2 Rd6 27.
Qxa5 Rfd8 28. Rxd6 Qxd6 29. Qc3 c6 30. Ba4 c5 31. Bb3 f5 32. gxf5 Bxf5+ 33. Kc1
Qf4+ 34. Kb2 Rd2+ 35. Ka3 Rxe2 36. Rd1 Re8 37. Rd5 Ra8+ 38. Kb2 Qh2+ 39. Qd2
Qxd2+ 40. Rxd2 Bxh3 41. Rd5 Rc8 42. Kc3 Be6 43. Re5 Kf7 44. Kd3 Kf6 45. Re3
Bf5+ 46. Kc3 g5 47. Rf3 g4 48. Rf1 Kg5 49. Bc2 Bxc2 50. Kxc2 Rc6 51. a4 h5 52.
Rf8 Ra6 53. Rd8 Kh4 54. Kb3 Ra5 55. Rd5 g3 0-1

[Event "C.P.A. Zevio 2013"]
[Site "Zevio (VR)"]
[Date "2013.01.20"]
[Round "5"]
[White "Zonta, Riccardo"]
[Black "Zanaglia, Renato"]
[Result "0-1"]
[WhiteElo "1638"]
[BlackElo "1721"]
[PlyCount "76"]
[EventDate "2014.03.18"]
[SourceDate "2014.03.18"]

1. e4 c5 2. b3 d6 3. Bb2 Nc6 4. Bc4 Nf6 5. Nc3 a6 6. a4 Bg4 7. f3 Bh5 8. Nge2
e6 9. O-O Be7 10. d4 cxd4 11. Nxd4 Qb6 12. Nce2 e5 13. g4 Bg6 14. h4 h6 15. Kg2
exd4 16. Nf4 Qc7 17. Nxg6 fxg6 18. Bxd4 Nxd4 19. Qxd4 Qc5 20. Qd3 O-O-O 21.
Be6+ Kb8 22. c4 Nd7 23. b4 Qc7 24. b5 Nc5 25. Qd5 a5 26. Rfb1 b6 27. Kg3 Bf6
28. Ra2 Nxe6 29. Qxe6 Rhe8 30. Qd5 Re5 31. Qd3 Rc5 32. Rc2 d5+ 33. f4 d4 34. e5
Bxe5 35. fxe5 Rxe5 36. Kg2 Re3 37. Qxg6 d3 38. Rd2 Rf8 0-1

[Event "C.P.A. Zevio 2013"]
[Site "Zevio (VR)"]
[Date "2013.01.20"]
[Round "5"]
[White "Baldaccini, Franco"]
[Black "Avanzini, Angelo"]
[Result "1-0"]
[WhiteElo "1664"]
[BlackElo "1488"]
[PlyCount "91"]
[EventDate "2014.03.18"]
[SourceDate "2014.03.18"]

1. e4 c5 2. Nc3 Nc6 3. d3 g6 4. Be2 Bg7 5. f4 e6 6. Nf3 Qa5 7. Bd2 d6 8. O-O
Qc7 9. Kh1 Nge7 10. Rb1 a6 11. Qe1 O-O 12. Qh4 f5 13. a3 Nd4 14. Nxd4 cxd4 15.
Na2 Nc6 16. c3 Qd8 17. Qg3 b5 18. Bf3 Rb8 19. exf5 Ne7 20. fxg6 Nxg6 21. Be4
Qh4 22. Bxg6 Qxg3 23. Bxh7+ Kxh7 24. hxg3 Rh8 25. Kg1 Kg6 26. Kf2 Bb7 27. Rh1
e5 28. Rxh8 Rxh8 29. Rg1 Kf5 30. Nc1 Kg4 31. Ne2 Rh2 32. cxd4 exd4 33. Bb4 Rh6
34. Ba5 d5 35. Rc1 Rc6 36. Rxc6 Bxc6 37. Bb6 Bd7 38. Bxd4 Bf8 39. Nc3 Be6 40.
Na2 Bd6 41. Be5 Bc5+ 42. d4 Bb6 43. Nb4 a5 44. Nc2 Bd7 45. Ne3+ Kh5 46. Nxd5
1-0

[Event "C.P.A. Zevio 2013"]
[Site "Zevio (VR)"]
[Date "2013.01.20"]
[Round "5"]
[White "Fratton, Zeno"]
[Black "De Paoli, Emilio"]
[Result "0-1"]
[WhiteElo "1819"]
[BlackElo "1863"]
[PlyCount "98"]
[EventDate "2014.03.18"]
[SourceDate "2014.03.18"]

1. e4 e6 2. d4 d5 3. Nc3 Nf6 4. e5 Nfd7 5. f4 c5 6. Nf3 Nc6 7. Be3 Be7 8. Qd2
O-O 9. O-O-O a6 10. g4 b5 11. dxc5 Bxc5 12. f5 Bxe3 13. Qxe3 Qb6 14. Qg5 f6 15.
exf6 Nxf6 16. fxe6 Bxe6 17. Bg2 Rad8 18. Rhe1 Ne4 19. Nxe4 dxe4 20. Rxd8 Rxd8
21. Rxe4 Bd5 22. Qe3 Qxe3+ 23. Rxe3 Rf8 24. b3 a5 25. h3 a4 26. Rd3 Nb4 27. Rd4
Nxa2+ 28. Kb2 Bxf3 29. Bxf3 Rxf3 30. Kxa2 axb3+ 31. cxb3 Rxh3 32. Rb4 Rh4 33.
Rxb5 Rxg4 34. Rf5 g6 35. Rb5 h5 36. Ka3 h4 37. Rc5 h3 38. Rc2 Rg2 39. Rc3 h2
40. Rh3 g5 41. b4 g4 42. Rh4 Kf7 43. Ka4 g3 44. b5 Ra2+ 45. Kb3 Ra1 46. Kb2
h1=Q 47. Rxh1 Rxh1 48. b6 g2 49. b7 Rh8 0-1

[Event "C.P.A. Zevio 2013"]
[Site "Zevio (VR)"]
[Date "2013.01.20"]
[Round "5"]
[White "Bruno, Elio"]
[Black "Adami, Alessandro"]
[Result "1-0"]
[WhiteElo "1613"]
[BlackElo "1738"]
[PlyCount "135"]
[EventDate "2014.03.18"]
[SourceDate "2014.03.18"]

1. e4 c5 2. Nf3 d6 3. d4 cxd4 4. Nxd4 Nf6 5. Nc3 a6 6. Be2 e5 7. Nb3 Be7 8. O-O
Be6 9. Kh1 Nbd7 10. f4 Nc5 11. Bf3 Nxb3 12. axb3 Qc7 13. f5 Bd7 14. g4 h6 15.
Be3 Bc6 16. Qe2 b5 17. Qf2 Qb7 18. Qg2 b4 19. Nd5 Nxd5 20. exd5 Bb5 21. Rg1 Bd7
22. Be4 Bg5 23. Qd2 f6 24. Rg3 Bxe3 25. Qxe3 Qa7 26. Qd2 Qc5 27. c4 Ke7 28.
Rgg1 a5 29. Ra2 Ra7 30. Rga1 Rha8 31. Bc2 Rh8 32. Kg2 h5 33. g5 h4 34. gxf6+
gxf6 35. Kh3 Rh5 36. Rf1 a4 37. Qf2 Qxf2 38. Rxf2 a3 39. Bd3 Kd8 40. Be4 Kc7
41. bxa3 Rxa3 42. Rxa3 bxa3 43. Kg4 Rg5+ 44. Kxh4 Kb6 45. Ra2 Bxf5 46. Bxf5
Rxf5 47. Rxa3 e4 48. b4 Re5 49. Re3 f5 50. Kg5 Kc7 51. Kf4 Kd7 52. h4 Ke7 53.
h5 Kf6 54. Rg3 Kf7 55. h6 Re8 56. b5 Kf6 57. h7 Rh8 58. Rh3 Kg6 59. b6 Kf6 60.
Rh6+ Kg7 61. Rxd6 Kxh7 62. Re6 Kg7 63. Kxf5 Kf7 64. Kxe4 Rh4+ 65. Kd3 Rh8 66.
Kd4 Rh4+ 67. Kc5 Rh8 68. b7 1-0

[Event "C.P.A. Zevio 2013"]
[Site "Zevio (VR)"]
[Date "2013.01.20"]
[Round "5"]
[White "Kurylovich, Alena"]
[Black "Pisani, Valerio"]
[Result "0-1"]
[WhiteElo "1653"]
[BlackElo "1731"]
[PlyCount "89"]
[EventDate "2014.03.18"]
[SourceDate "2014.03.18"]

1. d4 Nf6 2. c4 g6 3. Nc3 Bg7 4. e4 d6 5. h3 O-O 6. Be3 Nbd7 7. Nf3 c5 8. Be2
cxd4 9. Nxd4 Nc5 10. Bf3 h6 11. O-O a6 12. Qd2 Kh7 13. b4 Ncd7 14. Rac1 Ne5 15.
Nd5 Nxf3+ 16. Nxf3 Nxe4 17. Qe2 f5 18. Rfd1 e6 19. Nb6 Rb8 20. c5 d5 21. Bf4
Bd7 22. Bxb8 Bb5 23. Qc2 Qxb8 24. a4 Bc6 25. Nd4 Bxd4 26. Rxd4 e5 27. Rd3 d4
28. Qc4 Nc3 29. Re1 Qe8 30. f4 Be4 31. Rxc3 dxc3 32. Qxc3 exf4 33. Qd4 Qd8 34.
Nd7 Rf7 35. Rd1 Qg5 36. Qf2 f3 37. g3 f4 38. g4 h5 39. Qd4 hxg4 40. Qe5 Qh4 41.
Nf6+ Rxf6 42. Rd7+ Kh6 43. hxg4 Qxg4+ 44. Kf2 Qg2+ 45. Ke1 0-1

[Event "C.P.A. Zevio 2013"]
[Site "Zevio (VR)"]
[Date "2013.01.20"]
[Round "5"]
[White "Jirillo, Antonio"]
[Black "Tencheni, Maurizio"]
[Result "0-1"]
[WhiteElo "1663"]
[BlackElo "1677"]
[PlyCount "134"]
[EventDate "2014.03.18"]
[SourceDate "2014.03.18"]

1. d4 b6 2. Bf4 Bb7 3. Nd2 e6 4. Ngf3 Nf6 5. h3 c5 6. e3 d6 7. Bb5+ Bc6 8. Qe2
a6 9. Bxc6+ Nxc6 10. O-O Be7 11. dxc5 bxc5 12. Nc4 O-O 13. Rfd1 d5 14. c3 Na5
15. Nxa5 Qxa5 16. Ne5 Rac8 17. Bg5 Qb5 18. Qxb5 axb5 19. Bxf6 gxf6 20. Nf3 Ra8
21. Kf1 Ra4 22. Nd2 Rfa8 23. a3 b4 24. cxb4 cxb4 25. Nb3 bxa3 26. bxa3 Rxa3 27.
Rxa3 Rxa3 28. Nd4 Ra2 29. g4 Kg7 30. Kg2 Kg6 31. Nf3 Bc5 32. Nh4+ Kh6 33. Kf3
Ra4 34. Ng2 Kg5 35. Rc1 Rc4 36. h4+ Kh6 37. Rxc4 dxc4 38. Ke2 f5 39. gxf5 e5
40. f3 Kh5 41. e4 Bd4 42. Kd2 Kh6 43. Kc2 Kg7 44. f4 Kf6 45. Kd2 exf4 46. Nxf4
Ke5 47. Nh5 Kxe4 48. f6 Kf5 49. Ng3+ Kxf6 50. Ne4+ Kg6 51. Nd6 c3+ 52. Kd3 Be5
53. h5+ Kxh5 54. Nxf7 Bg7 55. Nd6 Kg4 56. Ne4 h5 57. Nf2+ Kf3 58. Nh3 Kg3 59.
Ng5 h4 60. Ne4+ Kg2 61. Ng5 Bf6 62. Ne6 Kf3 63. Nc5 h3 64. Ne4 c2 65. Nd2+ Kg2
66. Kxc2 h2 67. Ne4 Be5 0-1

[Event "C.P.A. Zevio 2013"]
[Site "Zevio (VR)"]
[Date "2013.01.20"]
[Round "6.1"]
[White "Carli, Carlo"]
[Black "Luciani, Valerio"]
[Result "0-1"]
[WhiteElo "2079"]
[BlackElo "2227"]
[PlyCount "132"]
[EventDate "2013.01.25"]

1. d4 f5 2. c4 Nf6 3. Nc3 d6 4. Nf3 g6 5. Bf4 Bg7 6. h4 O-O 7. Qc2 c6 8. e3 Qe8
9. d5 Na6 10. Be2 Bd7 11. Rd1 cxd5 12. cxd5 Nc5 13. O-O Rc8 14. Qb1 b5 15. a3
a5 16. Bg5 b4 17. axb4 axb4 18. Bxf6 Bxf6 19. Na2 b3 20. Nb4 Ra8 21. g3 Ra4 22.
Nd3 Ra2 23. Nd4 Qa8 24. Nxc5 dxc5 25. Nxb3 Rxb2 26. Qd3 c4 27. Qxc4 Rc8 28. Qa6
Rxb3 29. Qxa8 Rxa8 30. Bc4 Rc3 31. Be2 Ra2 32. Bf3 Ra6 33. Rc1 Rxc1 34. Rxc1
Ra1 35. Rxa1 Bxa1 36. Be2 Kg7 37. f4 Bc8 38. Kf2 Bc3 39. h5 Bb7 40. hxg6 hxg6
41. Bc4 Bb4 42. g4 Kf6 43. gxf5 gxf5 44. Ke2 Bd6 45. Kd3 Bc5 46. e4 fxe4+ 47.
Kxe4 Bc8 48. Bb3 Bf5+ 49. Kf3 Bd3 50. Ba4 Bd4 51. Bd7 Bc5 52. Bc8 Bg6 53. Bb7
Be8 54. Ke4 Bd7 55. Ba6 Bg4 56. Bb5 Bf5+ 57. Kf3 Kg6 58. Be8+ Kh6 59. Bf7 Bg6
60. Be6 Kh5 61. Bg4+ Kh4 62. Bd7 Bc2 63. Bc8 Bd6 64. Bd7 Bd1+ 65. Ke4 Kg3 66.
f5 Bc2+ 0-1

[Event "C.P.A. Zevio 2013"]
[Site "Zevio (VR)"]
[Date "2013.01.20"]
[Round "6.2"]
[White "Bertani, Gianfranco"]
[Black "Coratella, Giuseppe"]
[Result "0-1"]
[WhiteElo "2051"]
[BlackElo "2233"]
[PlyCount "124"]
[EventDate "2014.03.18"]
[SourceDate "2014.03.18"]

1. d4 g6 2. e3 Bg7 3. f4 c5 4. Nf3 Nf6 5. c3 O-O 6. Bd3 b6 7. Qe2 Qc7 8. O-O
Bb7 9. Nbd2 d6 10. f5 Nc6 11. Ng5 Rac8 12. fxg6 hxg6 13. Qf2 Bh6 14. Qg3 Bxg5
15. Qxg5 Kg7 16. Nf3 Rh8 17. Nh4 Rh5 18. Qg3 Rch8 19. Nf3 Nd8 20. h3 Ne6 21.
Bd2 Be4 22. Be2 Qb7 23. c4 Bf5 24. d5 Ne4 25. Bc3+ f6 26. Qe1 N6g5 27. Nd2 Rh4
28. Nxe4 Nxe4 29. Rf4 Rxf4 30. exf4 Qd7 31. Bf3 Nxc3 32. bxc3 Kf8 33. Qf1 Qa4
34. Qe2 Qc2 35. Qxc2 Bxc2 36. Be2 Rh4 37. Rf1 Kg7 38. Kh2 f5 39. Kg3 Rh8 40.
Ra1 Re8 41. a4 e5 42. dxe6 Rxe6 43. Kf2 Be4 44. g3 a5 45. Rd1 Kf6 46. Rd2 Ke7
47. g4 Kd7 48. g5 Bc6 49. h4 Re4 50. h5 gxh5 51. g6 Re7 52. Kg3 Ke6 53. Kh4
Bxa4 54. Bxh5 Be8 55. Re2+ Kf6 56. Rxe7 Kxe7 57. g7 Bf7 58. Kg5 a4 59. Kh6 Bg8
60. Bd1 b5 61. cxb5 a3 62. b6 Kd8 0-1

[Event "C.P.A. Zevio 2013"]
[Site "Zevio (VR)"]
[Date "2013.01.20"]
[Round "6.3"]
[White "Marin, Alessandro"]
[Black "Khachab, Ibrahim"]
[Result "1/2-1/2"]
[WhiteElo "1988"]
[BlackElo "1922"]
[PlyCount "137"]
[EventDate "2014.03.18"]
[SourceDate "2014.03.18"]

1. e4 e6 2. d3 b6 3. Nf3 Bb7 4. g3 c5 5. Bg2 Nc6 6. O-O Nge7 7. e5 Ng6 8. Re1
Be7 9. Nbd2 Qc7 10. c3 d5 11. exd6 Bxd6 12. Nc4 Be7 13. Qe2 Bf6 14. Bg5 Qe7 15.
Bxf6 gxf6 16. a4 Rd8 17. Rad1 O-O 18. h4 Qc7 19. h5 Nge7 20. Nh4 Kh8 21. Qe3
Ng8 22. g4 Nce7 23. Bxb7 Qxb7 24. f4 Nd5 25. Qg3 Qc7 26. Re4 Nh6 27. Nf3 Nxg4
28. Nh2 Nxh2 29. Qxh2 Rg8+ 30. Kh1 f5 31. Re5 Qc6 32. Qh4 Nxf4+ 33. Re4 Nd5 34.
Ne5 Qc7 35. Re2 Qb7 36. Kh2 Qc7 37. c4 f6 38. cxd5 fxe5 39. Qf6+ Qg7 40. Qxg7+
Rxg7 41. Rxe5 Rxd5 42. Rxe6 Rd4 43. Re8+ Rg8 44. Rxg8+ Kxg8 45. b3 Rh4+ 46. Kg3
Rxh5 47. Kf4 Kf7 48. Ke5 Rg5 49. d4 cxd4 50. Rxd4 Ke7 51. Rc4 Kd7 52. Rh4 h5
53. Kf6 Rg3 54. b4 Rg4 55. Rxh5 Rxb4 56. Rh7+ Kc6 57. Rxa7 f4 58. Ke5 f3 59.
Rf7 Rb3 60. Kd4 Ra3 61. Rf6+ Kb7 62. Kc4 Ka6 63. Kb4 Re3 64. Rf4 Kb7 65. Kb5
Rb3+ 66. Kc4 Ra3 67. Kb5 Rb3+ 68. Kc4 Re3 69. Kb5 1/2-1/2

[Event "C.P.A. Zevio 2013"]
[Site "Zevio (VR)"]
[Date "2013.01.20"]
[Round "6.3"]
[White "Rizzati, Aldo"]
[Black "Faccia, Sergio"]
[Result "0-1"]
[WhiteElo "1944"]
[BlackElo "2013"]
[PlyCount "48"]
[EventDate "2014.03.18"]
[SourceDate "2014.03.18"]

1. Nf3 Nf6 2. d4 c5 3. d5 g6 4. c4 b5 5. cxb5 a6 6. bxa6 Bxa6 7. Nc3 d6 8. e4
Bxf1 9. Kxf1 Bg7 10. g3 Nbd7 11. Kg2 O-O 12. Re1 Qc7 13. Qc2 Rfb8 14. a4 Qb7
15. Rb1 Ng4 16. Bg5 Nge5 17. b3 Nxf3 18. Kxf3 e6 19. dxe6 fxe6 20. Nb5 d5 21.
Kg2 Ra6 22. exd5 Qxd5+ 23. Qe4 Qxg5 24. Qxe6+ Rxe6 0-1

[Event "C.P.A. Zevio 2013"]
[Site "Zevio (VR)"]
[Date "2013.01.20"]
[Round "6.5"]
[White "Oppici, Gabriele"]
[Black "Marcori, Mirko"]
[Result "1-0"]
[WhiteElo "1977"]
[BlackElo "1781"]
[PlyCount "97"]
[EventDate "2014.03.18"]
[SourceDate "2014.03.18"]

1. d4 d6 2. Nf3 Nf6 3. c4 g6 4. Nc3 Bg7 5. Bf4 Bf5 6. h3 Ne4 7. Nxe4 Bxe4 8. e3
c5 9. Qa4+ Bc6 10. Qb3 Bxf3 11. gxf3 cxd4 12. O-O-O dxe3 13. Bxe3 O-O 14. h4 h5
15. Bd3 Nd7 16. Rhg1 b6 17. Qc2 Nc5 18. Bxg6 fxg6 19. Qxg6 Rf7 20. Bh6 Qf8 21.
Rg5 Rf6 22. Qxg7+ Qxg7 23. Bxg7 Rxf3 24. Bd4+ Kf7 25. Rg7+ Ke6 26. Re1+ Kd7 27.
Rexe7+ Kd8 28. Bxc5 dxc5 29. Re5 Rf8 30. Rxh5 a6 31. f4 Rc8 32. Rd5+ Ke8 33. f5
b5 34. h5 bxc4 35. h6 Rc6 36. h7 Rh6 37. Rxc5 Rh1+ 38. Kc2 Rh2+ 39. Kc3 Rh3+
40. Kxc4 Rh4+ 41. Kb3 Rh3+ 42. Ka4 Rh4+ 43. Ka5 Kd8 44. Rg8 Ke7 45. Rxf8 Kxf8
46. h8=Q+ Rxh8 47. Rc8+ Kg7 48. Rxh8 Kxh8 49. Kxa6 1-0

[Event "C.P.A. Zevio 2013"]
[Site "Zevio (VR)"]
[Date "2013.01.20"]
[Round "6.6"]
[White "Garofalo, Sergio"]
[Black "Brunelli, Giovanni"]
[Result "0-1"]
[WhiteElo "1822"]
[BlackElo "1971"]
[PlyCount "68"]
[EventDate "2014.03.18"]
[SourceDate "2014.03.18"]

1. d4 f5 2. e4 fxe4 3. Nc3 Nf6 4. Bg5 c6 5. f3 d5 6. fxe4 dxe4 7. Bc4 Bg4 8.
Nge2 Qa5 9. Bxf6 exf6 10. Qd2 Nd7 11. h3 Bxe2 12. Qxe2 O-O-O 13. O-O Re8 14. a3
Bd6 15. Nxe4 Bb8 16. Qf3 Qc7 17. Nc5 Nxc5 18. dxc5 Qh2+ 19. Kf2 Qe5 20. Be2
Qd4+ 21. Ke1 Bg3+ 22. Rf2 Bxf2+ 23. Qxf2 Qxb2 24. Rd1 Re5 25. Kf1 Rhe8 26. Bg4+
Kb8 27. Qd2 a6 28. Qd6+ Ka7 29. Bd7 Qb5+ 30. Kg1 Re1+ 31. Rxe1 Rxe1+ 32. Kh2
Qe2 33. Bxc6 Qe5+ 34. Qxe5 Rxe5 0-1

[Event "C.P.A. Zevio 2013"]
[Site "Zevio (VR)"]
[Date "2013.01.20"]
[Round "6.7"]
[White "Bortolazzi, Michele"]
[Black "Sprea, Giuseppe"]
[Result "1/2-1/2"]
[WhiteElo "1896"]
[BlackElo "1947"]
[PlyCount "121"]
[EventDate "2014.03.18"]
[SourceDate "2014.03.18"]

1. e4 c5 2. Nf3 Nc6 3. d4 cxd4 4. Nxd4 e6 5. c4 Nf6 6. Nc3 Bb4 7. Nxc6 bxc6 8.
Bd3 e5 9. Qc2 Bc5 10. O-O a5 11. Bg5 h6 12. Bh4 g5 13. Bg3 Qe7 14. Kh1 Nh5 15.
Qe2 Nf4 16. Bxf4 gxf4 17. Nb1 Rb8 18. Nc3 Bd4 19. Rfc1 Qg5 20. Rab1 d6 21. a3
h5 22. b4 axb4 23. axb4 Rxb4 24. Na2 Rxb1 25. Rxb1 O-O 26. Nb4 Bd7 27. Nc2 Bc5
28. Ne1 Qh4 29. f3 Ra8 30. Qf1 Kg7 31. Be2 Ra2 32. Nd3 Bd4 33. Nc1 Ra7 34. Nd3
Be6 35. Qc1 Ra2 36. Qf1 Bxc4 37. Nxf4 Bxe2 38. Nxe2 Bc5 39. Ng3 Qg5 40. f4 exf4
41. Qxf4 Qxf4 42. Nxh5+ Kg6 43. Nxf4+ Kf6 44. g3 Rd2 45. Re1 Ke5 46. h4 Bf2 47.
Re2 Rxe2 48. Nxe2 Kxe4 49. Kg2 Be3 50. h5 Kf5 51. Kf3 Bb6 52. g4+ Kf6 53. Kf4
d5 54. g5+ Kg7 55. Kf5 d4 56. h6+ Kg8 57. Ke4 c5 58. Kd3 Bd8 59. Kc4 Bxg5 60.
Kxc5 Bxh6 61. Nxd4 1/2-1/2

[Event "C.P.A. Zevio 2013"]
[Site "Zevio (VR)"]
[Date "2013.01.20"]
[Round "6.8"]
[White "La Piana, Antonio"]
[Black "Zanchetta, Nicola"]
[Result "1/2-1/2"]
[WhiteElo "1830"]
[BlackElo "1893"]
[PlyCount "57"]
[EventDate "2014.03.18"]
[SourceDate "2014.03.18"]

1. e4 c5 2. Nf3 e6 3. d4 cxd4 4. Nxd4 Bc5 5. Nb3 Bb6 6. Bd3 Ne7 7. Nc3 O-O 8.
O-O f5 9. exf5 Nxf5 10. Qg4 d5 11. Bg5 Qe8 12. Bxf5 Rxf5 13. Bh4 Qf7 14. Bg3
Bd7 15. Rad1 a6 16. Qb4 Bb5 17. Nxb5 axb5 18. Qxb5 Nd7 19. a3 Rf8 20. Nd4 Rh5
21. Qe2 e5 22. Nf3 e4 23. Nd4 Bxd4 24. Rxd4 Ne5 25. Bxe5 Rxe5 26. Qe3 Rf5 27.
c3 Qg6 28. Qd2 Qf7 29. Qe3 1/2-1/2

[Event "C.P.A. Zevio 2013"]
[Site "Zevio (VR)"]
[Date "2013.01.20"]
[Round "6.9"]
[White "Bartiromo, Gerardo"]
[Black "Molinaroli, Giacomo"]
[Result "0-1"]
[WhiteElo "1621"]
[BlackElo "1874"]
[PlyCount "82"]
[EventDate "2014.03.18"]
[SourceDate "2014.03.18"]

1. d4 d5 2. Nf3 Nf6 3. e3 Bg4 4. Nbd2 Nbd7 5. Bd3 e5 6. Be2 e4 7. Ng1 Bxe2 8.
Qxe2 Bd6 9. c4 c6 10. cxd5 cxd5 11. Qb5 Qc7 12. h3 O-O 13. Nb3 a6 14. Qe2 Ne8
15. Bd2 f5 16. Rc1 Qd8 17. f4 exf3 18. Nxf3 Bg3+ 19. Kf1 Nd6 20. Nc5 Nxc5 21.
Rxc5 Ne4 22. Rc2 Bh4 23. Be1 Bg3 24. Kg1 Qe7 25. Nd2 f4 26. Nxe4 Qxe4 27. exf4
Bxe1 28. Qxe4 dxe4 29. Re2 Bg3 30. Rxe4 Rxf4 31. Rxf4 Bxf4 32. Kf2 Rc8 33. Kf3
Rc1 34. Rxc1 Bxc1 35. b3 Kf7 36. Ke4 Ke6 37. g4 Kd6 38. h4 b6 39. h5 h6 40. a4
a5 41. d5 Bb2 0-1

[Event "C.P.A. Zevio 2013"]
[Site "Zevio (VR)"]
[Date "2013.01.20"]
[Round "6.10"]
[White "Adami, Antonio"]
[Black "Negro, Raffaele"]
[Result "1/2-1/2"]
[WhiteElo "1720"]
[BlackElo "1826"]
[PlyCount "73"]
[EventDate "2014.03.18"]
[SourceDate "2014.03.18"]

1. e4 b6 2. d4 Bb7 3. Nc3 e6 4. g3 Bb4 5. Bg2 f5 6. f3 Nf6 7. e5 Nd5 8. Bd2
Bxc3 9. bxc3 O-O 10. c4 Ne7 11. Nh3 d6 12. Ng5 Qd7 13. Bf4 Ng6 14. Qd2 h6 15.
Nh3 Nc6 16. exd6 cxd6 17. O-O Ba6 18. d5 Nce5 19. dxe6 Qxe6 20. Rfe1 Bxc4 21.
a3 Bd5 22. Rad1 Bxf3 23. Qxd6 Qxd6 24. Rxd6 Bxg2 25. Kxg2 Nxf4+ 26. Nxf4 Nc4
27. Rd7 Rf7 28. Rd3 g5 29. Nd5 Kg7 30. Re6 Rd8 31. h4 Nxa3 32. h5 Rfd7 33. Rg6+
Kf8 34. Rf6+ Kg8 35. Rg6+ Kf8 36. Rf6+ Kg7 37. Rg6+ 1/2-1/2

[Event "C.P.A. Zevio 2013"]
[Site "Zevio (VR)"]
[Date "2013.01.20"]
[Round "6.11"]
[White "Zanaglia, Renato"]
[Black "Jimchi, Abdelaziz"]
[Result "1/2-1/2"]
[WhiteElo "1721"]
[BlackElo "1811"]
[PlyCount "72"]
[EventDate "2014.03.18"]
[SourceDate "2014.03.18"]

1. e4 d5 2. exd5 Qxd5 3. Nc3 Qd6 4. Nf3 Nf6 5. d4 a6 6. a4 h6 7. Be3 Bf5 8. Bc4
e6 9. Qd2 Be7 10. O-O Nc6 11. Rad1 O-O 12. Bf4 Qb4 13. Bb3 Qa5 14. Rfe1 Bb4 15.
Ne5 Bxc3 16. Qxc3 Qxc3 17. bxc3 Na5 18. Nd3 Nxb3 19. cxb3 Nd5 20. c4 Nxf4 21.
Nxf4 Rfd8 22. Re3 c6 23. f3 Rd7 24. Ne2 Rad8 25. c5 a5 26. Kf2 Rd5 27. g4 Bh7
28. Rc1 Kf8 29. f4 R8d7 30. h4 h5 31. g5 Bf5 32. Re5 Bg4 33. Rxd5 Rxd5 34. Rc4
Bxe2 35. Kxe2 Ke7 36. Ke3 Kd7 1/2-1/2

[Event "C.P.A. Zevio 2013"]
[Site "Zevio (VR)"]
[Date "2013.01.20"]
[Round "6.12"]
[White "Baldaccini, Franco"]
[Black "Brunelli, Flavio"]
[Result "1-0"]
[WhiteElo "1664"]
[BlackElo "1757"]
[PlyCount "67"]
[EventDate "2014.03.18"]
[SourceDate "2014.03.18"]

1. e4 e6 2. d4 d5 3. exd5 exd5 4. Be2 Nf6 5. Nf3 Be7 6. O-O O-O 7. Ne5 Nbd7 8.
f4 Ne4 9. Nd2 f5 10. Ndf3 Ndf6 11. Qe1 c5 12. c3 c4 13. Be3 Bd7 14. Nxd7 Nxd7
15. Ne5 Qc7 16. Bf3 Ndf6 17. Qe2 b5 18. a3 a5 19. Rfc1 b4 20. a4 bxc3 21. bxc3
Rab8 22. Qe1 Rb3 23. Bd1 Rb6 24. Bc2 Rfb8 25. h3 Rb2 26. Rab1 Rxb1 27. Rxb1
Rxb1 28. Bxb1 Qb7 29. Bxe4 Nxe4 30. Bd2 Bd6 31. Nf3 Qb3 32. Ng5 Qxa4 33. g4
Nxd2 34. Qe6+ 1-0